Discurso leído por el presidente Excmo. Sr. D. Alejandro Pidal y Mon en la sesión inaugural del curso de 1895 á 96 (Record no. 162101)

MARC details
000 -LEADER
campo de control de longitud fija 00973nam a2200193 i 4500
001 - NÚMERO DE CONTROL
campo de control 162101
003 - IDENTIFICADOR DE NÚMERO DE CONTROL
campo de control ES-MaACL
005 - FECHA Y HORA DE LA ÚLTIMA TRANSACCIÓN
campo de control 20260127062551.0
008 - DATOS DE LONGITUD FIJA--INFORMACIÓN GENERAL
campo de control de longitud fija 931025s1896 sp |||| | spa d
100 1# - ENTRADA PRINCIPAL--NOMBRE DE PERSONA
Nombre de persona Pidal y Mon, Alejandro,
Fechas asociadas al nombre 1846-1913
9 (RLIN) 91890
245 10 - MENCIÓN DEL TÍTULO
Título Discurso leído por el presidente Excmo. Sr. D. Alejandro Pidal y Mon en la sesión inaugural del curso de 1895 á 96
Resto del título : celebrada el 28 de febrero de 1896.
260 ## - PUBLICACIÓN, DISTRIBUCIÓN, ETC.
Lugar de publicación, distribución, etc. Madrid :
Nombre del editor, distribuidor, etc. Real Academia de Jurisprudencia y Legislación,
Fecha de publicación, distribución, etc. 1896 (
Fabricante Tip. de los Hijos de M. G. Hernández)
300 ## - DESCRIPCIÓN FÍSICA
Extensión 91 p. ;
Dimensiones 24 cm.
500 ## - NOTA GENERAL
Nota general Tema del discurso : la inmutabilidad del Derecho.
596 ## - NOTA AL PIE DE IMPRENTA
NOTA AL PIE DE IMPRENTA M. tipogr. del ed. en port.
700 ## - ENTRADA AGREGADA--NOMBRE PERSONAL
Nombre de persona Real Academia de Jurisprudencia y Legislación de España
9 (RLIN) 217612
852 ## - LOCALIZACIÓN
Ubicación ES-MaACL
Número de control de estantería T-983-F-5
Nota libre -- Enc. hol., conservando la cub. original
-- -- Enc. en un vol. facticio
Encuadernación -- Edic.: tema del discurso : la inmutabilidad del Derecho
Holdings
Estatus retirado Estado de pérdida Estado de daño No para préstamo Colección Biblioteca de origen Biblioteca actual Ubicación en estantería Fecha de adquisición Total de préstamos Signatura topográfica completa Código de barras Visto por última vez Precio de reemplazo Tipo de ítem Koha
        Colección de folletos Biblioteca del Ateneo de Madrid Biblioteca del Ateneo de Madrid Depósito folletos 17/01/2008   T-983-F-5 1169815 23/02/2023 23/02/2023 Folleto